Statistics for The Clues are in German #5

Click here to take the quiz!

General Stats

  • This quiz has been taken 56 times
  • The average score is 12 of 16

Answer Stats

HintAnswer% Correct
Wessen beste Freunde sind Ron und Hermine?Harry Potter
96%
Auf welcher Halbinsel befinden sich die Städte Pjöngjang und Seoul?Korea
92%
Pizza Hawaii wird mit welchem Obst belegt?Ananas
88%
In welcher Fernsehserie kommen Ross und Rachel vor?Friends
88%
Von wem stammt der Ausspruch "Ich bin ein Berliner"?John F. Kennedy
85%
Wie heißt das heilige Buch des Islam?Koran
85%
Welche Puppe bekommt vom Lügen eine lange Nase?Pinocchio
83%
Wie heißt das meistverkaufte Album von Michael Jackson?Thriller
83%
Um welche Sportart geht es in "Space Jam"?Basketball
75%
Unter welchem Namen wurde Siddhartha Gautama bekannt?Buddha
75%
Auf welcher Insel befindet sich die Republik China?Taiwan
73%
In welchem Land grassierte die "Tulpenmanie"?Niederlande
69%
Welches Schiff brachte 1620 die Pilgerväter nach Amerika?Mayflower
67%
Welcher Philosoph erzählt in "Also sprach Zarathustra" vom Übermensch?Friedrich Nietzsche
63%
Wer überquerte den Rubikon mit den Worten "alea iacta est"?Julius Caesar
60%
Welcher Drogenhändler war in den 1980ern Oberhaupt des Medellín-Kartells?Pablo Escobar
60%

Score Distribution

Percentile by Number Answered

Percent of People with Each Score

Your Score History

You have not taken this quiz